駅数が30駅以内の路線サドンデス - Statistics

General Stats
  • This quiz has been taken 434 times
  • The average score is 3 of 40
Answers on the Grid
Answers color-coded by a green-red scale on the quiz's grid according to % correct below.
JR宗谷本線
JR石北本線
JR釧網本線
JR五能線
JR花輪線
JR陸羽東線
JR仙石線
JR磐越西線
JR只見線
JR上越線
JR武蔵野線
JR成田線
JR内房線
JR外房線
JR青梅線
JR南武線
JR越後線
JR飯山線
JR小海線
JR御殿場線
JR身延線
JR阪和線
JR福知山線
JR和歌山線
JR姫新線
JR伯備線
JR福塩線
JR呉線
JR山口線
JR高徳線
JR牟岐線
JR筑肥線
JR筑豊本線
JR久大本線
JR日南線
JR指宿枕崎線
東武日光線
東武野田線
西武池袋線
西武新宿線
京成本線
京王京王線
東急田園都市線
東京メトロ丸ノ内線
名鉄三河線
近鉄名古屋線
近鉄大阪線
京阪本線
阪急京都本線
阪神本線
都営三田線
都営大江戸線
横浜市交ブルーライン
OsakaMetro谷町線
青い森鉄道
秋田内陸縦貫鉄道
三陸鉄道
関東鉄道常総線
秩父鉄道
都電荒川線
えちぜん鉄道勝山永平寺線
福井鉄道福武線
天竜浜名湖鉄道
長良川鉄道
近江鉄道本線
阪堺電気軌道阪堺線
山陽電鉄本線
一畑電車北松江線
広島電鉄本線
ことでん琴平線
とさでん交通後免線
とさでん交通伊野線
長崎電気軌道本線
松浦鉄道西九州線
肥薩おれんじ鉄道
 
Answer Stats
Answer % Correct
JR青梅線
30%
JR南武線
23%
JR御殿場線
23%
JR成田線
19%
都営三田線
15%
東京メトロ丸ノ内線
14%
JR釧網本線
14%
JR武蔵野線
13%
東急田園都市線
12%
JR花輪線
12%
JR外房線
12%
JR陸羽東線
11%
JR内房線
11%
JR呉線
11%
OsakaMetro谷町線
11%
ことでん琴平線
8%
JR福知山線
7%
名鉄三河線
6%
阪急京都本線
6%
一畑電車北松江線
6%
JR山口線
6%
東武日光線
5%
青い森鉄道
5%
関東鉄道常総線
5%
都電荒川線
5%
えちぜん鉄道勝山永平寺線
5%
JR福塩線
5%
西武新宿線
4%
秋田内陸縦貫鉄道
3%
近江鉄道本線
3%
広島電鉄本線
3%
長崎電気軌道本線
3%
肥薩おれんじ鉄道
3%
JR高徳線
3%
JR日南線
3%
福井鉄道福武線
2%
JR伯備線
2%
JR牟岐線
2%
JR筑豊本線
2%
近鉄大阪線
1%
No matching quizzes found
Score Distribution
Percent of People with Each Score
Percentile by Number Answered
Your Score History
You have not taken this quiz